00809nam a2200217 i 4500001000700000003000900007005001700016007000300033008004100036080001300077100004100090245009000131260003300221300002200254490003300276650003400309830004100343852006600384999001900450952012200469105021ES-MaACL20250830063058.0t|060606s1971 fr |||| | fre d a326(091)1 aDeschamps, Hubert,d1900-197994384610aHistoire de la traite des noirs de l'antiquité áa nos jours / cHubert Deschamps. a[Paris] : bFayard, c[1971] a338 p. ; c22 cm.1 aL'Histoire sans frontières 4aEsclavitud-xHistoria.9123610 aL'Histoire sans frontières9232679 aES-MaACLjE-11241 z. - Biblioteca Jacinto Martínez Lacalle c105021d105021 00104070aATENEOMbATENEOMcDEPO2d2008-01-17eSCl0oE-11241p1109644r2023-02-23 00:00:00w2023-02-23yMONOGRAFIA